000
00297nam a2200109Ia 4500
008
220204s9999 xx 000 0 und d
082
_a
339.138
_b
BRE
100
_a
BREIMYER, Harold F
245
0
_a
Economics of the product markets of agriculture
260
_a
Iowa
_b
Iowa Stat Uty
_c
1976
942
_c
BK
999
_c
29778
_d
29778